Jenofonte y el siglo IV : (Registro nro. 68314)
[ vista simple ]
| 000 -LÍDER | |
|---|---|
| Campo fijo de descripción fija | 02099nab a2200193 i 4500 |
| 001 - NÚMERO DE CONTROL | |
| Campo de control | 768714001 |
| 003 - IDENTIFICADOR DEL NÚMERO DE CONTROL | |
| Campo de control | CO-MdFUSB |
| 005 - FECHA Y HORA DE LA ULTIMA TRANSACCIÓN | |
| control field | 20221020144248.0 |
| 008 - ELEMENTOS DE LONGITUD FIJA -- INFORMACIÓN GENERAL | |
| Campo fijo de descripción fija -- Información general | 221020s1990 sp ||||| |||| 00| 0 spa d |
| 040 ## - FUENTE DE CATALOGACIÓN | |
| Idioma de catalogación | spa |
| Agencia que realiza la transcripción | CO-MdFUSB |
| Agencia que realiza la modificación | CO-MdFUSB |
| 041 ## - CÓDIGO DE IDIOMA | |
| Código de idioma para texto/pista de sonido o título separado | spa |
| 100 ## - ASIENTO PRINCIPAL--NOMBRE PERSONAL | |
| Nombre personal | Albafull, M. Nuria, |
| Término relacionador | autor |
| 245 ## - TÍTULO | |
| Título | Jenofonte y el siglo IV : |
| Subtitulo | Jenofonte historiador |
| Mención de responsabilidad | / M. Nuria Albafull |
| 300 ## - DESCRIPCIÓN FÍSICA | |
| Extensión | Número 20, (1990), páginas 65- 83 |
| Dimensiones | ; 27 cm |
| 520 ## - NOTA DE RESUMEN, ETC. | |
| Nota de sumario, etc. | Cuando Jenofonte da comienzo a su obra histórica nos sorprende por su actitud inusual: ni una palabra acerca de sus propósitos, ni una referencia a su autoría. Heródoto en su proemio indica su nombre, procedencia y el contenido de su obra. Impresionante es el es cueto prefacio de Tucídides con el testimonio de la inmediatez de la redacción con respecto a los hechos y la razón que le impulsó a emprender el relato. Fija el tema del mismo y da su nombre y origen. El mismo procedimiento encontraremos más tarde en Polibio, que dedica diversos párrafos a exponer el objetivo, la metodología, las características y la novedad de su obra, y lo mismo en Diodoro quien, después de su valoración moralista del género, señala la intención y los límites de su plan.<br/><br/>Es cierto que Jenofonte no firma sus obras, incluso. recurre al seudónimo en la publicación de la Anábasis y emplea otros artificios para separar su persona como actor de los acontecimientos y como autor del relato.<br/><br/>No entraremos en las razones políticas o literarias que pudieron inclinarle a esta ocultación en algunas de sus obras, pero en el caso de las Helénicas, al menos en lo que se refiere a los primeros capítulos, la explicación es lógica: Jenofonte no se propone escribir una obra propia sino llevar a cabo la publicación de los manuscritos de Tucídides, según el testimonio de Diógenes Laercio. Por este camino se explica también la ausencia de un prólogo. |
| 653 ## - TÉRMINO DE INDIZACIÓN - NO CONTROLADO | |
| Término no controlado | Historiografía griega |
| 773 0# - ASIENTO DE ITEM FUENTE | |
| Biblionumber | 68212 |
| Itemnumber | 81328 |
| Otro identificador del ítem | R2115 |
| Título | Anthropos : |
| Número de control del registro | (CO-MdFUSB)768714001 |
| Parte(s) relacionada(s) / Volumen., número. (mes año), páginas | Número 20, (1990), páginas 65- 83 |
| Enumeración y primera página | páginas 65 |
| 942 ## - TIPO DE MATERIAL (KOHA) | |
| Tipo de Item KOHA | Artículos de Revista |
No hay ítems disponibles.
